[Event "European Rapid 2017"]
[Site "Katowice POL"]
[Date "2017.12.16"]
[Round "5.78"]
[White "Bugalski, Michal"]
[Black "Zimina, Olga"]
[Result "0-1"]
[BlackTitle "IM"]
[WhiteElo "2263"]
[BlackElo "2415"]
[WhiteFideId "1122134"]
[BlackFideId "4132190"]
[EventDate "2017.12.16"]

1. e4 c6 2. Nf3 d5 3. Nc3 Bg4 4. h3 Bxf3 5. Qxf3 Nf6 6. g3 e6 7. Bg2 Nbd7 8. O-O
Bc5 9. Qe2 Qc7 10. Kh2 O-O 11. d3 dxe4 12. Nxe4 Nxe4 13. Qxe4 Nf6 14. Qe2 a5 15.
a4 Rfd8 16. c3 Nd5 17. d4 Be7 18. Re1 Bf6 19. Be4 Re8 20. Qh5 g6 21. Qf3 Bg7 22.
Bg5 h6 23. Bd2 Rad8 24. h4 h5 25. Bg5 Rc8 26. Rad1 Qb6 27. c4 Nb4 28. Bf6 Bxf6
29. Qxf6 Qd8 30. Qf4 Kg7 31. Bb1 Qf6 32. Qe3 Red8 33. Rd2 Rd7 34. Red1 Rcd8 35.
Kg2 Kg8 36. b3 Na6 37. f4 Nb4 38. Be4 Kg7 39. Bb1 Kg8 40. Be4 Na6 41. Bb1 Nc7
42. Be4 Kg7 43. Bf3 Ne8 44. Qe5 Ra8 45. d5 exd5 46. cxd5 Qxe5 47. fxe5 cxd5 48.
Rxd5 Re7 49. Rd7 Rxe5 50. Bxb7 Ra7 51. Bc6 Ra6 52. Bd5 Nd6 53. Bf3 Nf5 54. Rc1
Rf6 55. Bb7 Re2+ 56. Kh3 Re3 57. Rg1 Rxb3 58. Bd5 Rb4 59. Ra1 Ne3 60. Ra3 Ng4
61. Ra2 Rf1 62. Ra7 Ne3 63. Bc6 Rf5 64. Re2 Ng4 65. Bb5 Rf3 66. Bc6 Rf5 67. Bb5
Rb3 68. Bc6 Rc5 69. Rb7 Ra3 70. Be8 Nh6 71. Rf2 Rcc3 72. Rg2 Rf3 73. Bc6 Rfc3
74. Bd5 Rd3 75. Bc4 Rdc3 76. Bd5 Rxa4 77. Bxf7 Kf6 78. Rf2+ Nf5 79. Rg2 Rxh4# 0-1

[Event "European Rapid 2017"]
[Site "Katowice POL"]
[Date "2017.12.16"]
[Round "5.79"]
[White "Lubczynski, Rafal"]
[Black "Przybylski, Bartosz"]
[Result "1-0"]
[WhiteTitle "IM"]
[WhiteElo "2429"]
[BlackElo "2085"]
[WhiteFideId "1126091"]
[BlackFideId "1126652"]
[EventDate "2017.12.16"]

1. Nf3 c5 2. c4 Nc6 3. Nc3 e5 4. e3 d6 5. d4 Be7 6. Be2 Nf6 7. d5 Nb8 8. e4 O-O
9. O-O a6 10. a4 h6 11. Ne1 Nh7 12. g3 Bh3 13. Ng2 f5 14. exf5 Bxf5 15. f4 exf4
16. Nxf4 Bf6 17. Bg4 Bd4+ 18. Kg2 Nd7 19. Ne6 Bxe6 20. Bxe6+ Kh8 21. h4 Rxf1 22.
Qxf1 Qe7 23. Ne2 Rf8 24. Nf4 Ne5 25. Qe2 g5 26. Qxe5+ dxe5 27. Ng6+ Kg7 28. Nxe7
Rf2+ 29. Kh3 Rf1 30. Nf5+ Kf6 31. Nxd4 cxd4 32. Bxg5+ 1-0

[Event "European Rapid 2017"]
[Site "Katowice POL"]
[Date "2017.12.16"]
[Round "5.80"]
[White "Kiratzopoulos, Efthimios"]
[Black "Krzyzanowski, Marcin"]
[Result "0-1"]
[BlackTitle "IM"]
[WhiteElo "2204"]
[BlackElo "2457"]
[WhiteFideId "4207629"]
[BlackFideId "1132199"]
[EventDate "2017.12.16"]

1. d4 Nf6 2. Nf3 g6 3. Bg5 Bg7 4. Nbd2 c5 5. c3 cxd4 6. cxd4 d5 7. e3 O-O 8. Be2
Nc6 9. O-O Bf5 10. Qb3 Qb6 11. Rfc1 Rfc8 12. h3 Ne4 13. Nxe4 Qxb3 14. axb3 Bxe4
15. Nd2 Bf5 16. g4 Bd7 17. Nb1 f6 18. Bh4 e5 19. Nc3 Be6 20. Bf3 exd4 21. Bxd5
Kf7 22. Bxe6+ Kxe6 23. Ne4 dxe3 24. Nc5+ Ke7 25. fxe3 Ne5 26. Bg3 b6 27. Bxe5
fxe5 28. Ne4 a5 29. Kf2 Bf8 30. Kf3 h6 31. Nc3 Ke6 32. Ke4 Bc5 33. Na4 Rab8 34.
Rc2 Bb4 35. Rac1 Rxc2 36. Rxc2 b5 37. Nc5+ Kd6 38. Nd3 Re8 39. h4 Rf8 40. h5
gxh5 41. gxh5 Rg8 42. Rf2 Rg4+ 43. Kf5 Rg5+ 44. Kf6 Rxh5 45. Rg2 Bc5 46. e4 Bd4
47. Rg6 Rh3 48. Kf5+ Ke7 49. Nc1 Rf3+ 50. Kg4 Rf4+ 51. Kg3 Rxe4 52. Rxh6 Re1 53.
Rc6 Bxb2 54. Na2 Re3+ 55. Kg4 Rxb3 56. Kf5 a4 57. Ke4 a3 58. Kd5 Bd4 59. Rc7+
Kf6 60. Rb7 Rb2 61. Nc1 a2 62. Nxa2 Rxa2 63. Rxb5 Kf5 64. Rb8 Ra5+ 65. Kc4 Ke4
66. Rh8 Rc5+ 67. Kb3 Rc7 0-1

[Event "European Rapid 2017"]
[Site "Katowice POL"]
[Date "2017.12.16"]
[Round "5.81"]
[White "Lindam, Ingo"]
[Black "Ustianovich, Nazar"]
[Result "0-1"]
[BlackTitle "FM"]
[WhiteElo "2112"]
[BlackElo "2366"]
[WhiteFideId "24699756"]
[BlackFideId "14109778"]
[EventDate "2017.12.16"]

1. d4 d5 2. Nf3 Nf6 3. c4 c6 4. Qc2 e6 5. g3 Nbd7 6. Bg2 Be7 7. O-O O-O 8. Rd1
b6 9. Bf4 Bb7 10. b3 Rc8 11. Nc3 c5 12. Nb5 a6 13. Nd6 Bxd6 14. Bxd6 Re8 15.
dxc5 Nxc5 16. Be5 Ncd7 17. Bb2 b5 18. Ne5 Nxe5 19. Bxe5 Nd7 20. Bc3 bxc4 21.
bxc4 Rxc4 22. Qb2 Qb6 23. Bxg7 Rb4 24. Qd2 Kxg7 25. Qg5+ Kh8 26. Rac1 Qd6 27. a3
Rb5 28. e4 d4 29. e5 Rxe5 30. Qf4 Bxg2 31. Kxg2 Rd5 32. Qxf7 Rf8 0-1

[Event "European Rapid 2017"]
[Site "Katowice POL"]
[Date "2017.12.16"]
[Round "5.82"]
[White "Tate, Alan"]
[Black "Pakosta, Miroslav"]
[Result "1-0"]
[WhiteTitle "FM"]
[WhiteElo "2358"]
[BlackElo "2158"]
[WhiteFideId "2401878"]
[BlackFideId "306576"]
[EventDate "2017.12.16"]

1. Nf3 g6 2. e4 Bg7 3. d4 d6 4. Bd3 Nc6 5. d5 Ne5 6. Nxe5 dxe5 7. c4 e6 8. Nc3
Ne7 9. O-O O-O 10. b3 exd5 11. cxd5 c6 12. Ba3 Bd7 13. Bc4 Re8 14. Qf3 b5 15.
dxc6 bxc4 16. cxd7 Qxd7 17. Bxe7 Qxe7 18. Nd5 Qb7 19. Rfc1 cxb3 20. Rc7 Qxc7 21.
Nxc7 b2 22. Rb1 Rac8 23. Nxe8 Rc1+ 24. Qd1 Bh6 25. Nf6+ Kg7 26. Nd5 Rxd1+ 27.
Rxd1 Bc1 28. Nc3 a5 29. Kf1 a4 30. Ke2 a3 31. Nb1 1-0

[Event "European Rapid 2017"]
[Site "Katowice POL"]
[Date "2017.12.16"]
[Round "5.83"]
[White "Krause, Jonah"]
[Black "Dzierzak, Radoslaw"]
[Result "0-1"]
[WhiteTitle "FM"]
[WhiteElo "2368"]
[BlackElo "2237"]
[WhiteFideId "12907910"]
[BlackFideId "1161407"]
[EventDate "2017.12.16"]

1. d4 Nf6 2. c4 e6 3. g3 d5 4. Nf3 Be7 5. Bg2 O-O 6. Nc3 dxc4 7. Ne5 Nc6 8. Bxc6
bxc6 9. Nxc6 Qe8 10. Nxe7+ Qxe7 11. Qa4 c5 12. dxc5 Qxc5 13. Be3 Qh5 14. f3 Bb7
15. O-O Rfc8 16. Rad1 a5 17. Bf2 e5 18. Qc2 e4 19. Bd4 exf3 20. Bxf6 gxf6 21.
exf3 Bxf3 22. Rd2 Qc5+ 23. Rdf2 Re8 24. Qd2 Bb7 25. Qd7 Re7 26. Qg4+ Kh8 27. Qf4
Re6 28. h4 Rg8 29. Kh2 Qe3 30. Qxe3 Rxe3 31. Rg1 Rd8 32. Na4 Bc6 33. Nb6 c3 34.
Nc4 Red3 35. bxc3 Rxc3 36. Nxa5 Bd5 37. Rd2 Ra3 38. Nb3 Rxa2 39. Rxa2 Bxb3 40.
Rf2 Kg7 41. Rgf1 Rd6 42. Rb1 Be6 43. Re1 f5 44. Rc1 Rd4 45. Rcc2 Ra4 46. Rf4 Ra1
47. Rd2 Rb1 48. Kg2 Rb3 49. Rf3 Rb1 50. Kf2 Rb4 51. Rf4 Rb3 52. Rf3 Rb4 53. Rf4
Rb3 54. Re2 Ra3 55. Re3 Ra2+ 56. Ke1 Rb2 57. Rd4 Ra2 58. Rd2 Ra1+ 59. Ke2 Ra4
60. Kf3 Rb4 61. Red3 Kf6 62. Rd4 Rb1 63. Ra4 Rf1+ 64. Rf2 Rb1 65. Ra3 Re1 66.
Re3 Ra1 67. Rd2 Rf1+ 68. Kg2 Ra1 69. Rf3 Kg6 70. Rf1 Ra3 71. Rh1 Ra4 72. Rd8 f4
73. gxf4 Rxf4 74. Rd3 Rg4+ 75. Rg3 Bd5+ 76. Kf2 Rxg3 0-1

[Event "European Rapid 2017"]
[Site "Katowice POL"]
[Date "2017.12.16"]
[Round "5.84"]
[White "Vykouk, Jan"]
[Black "Snihur, Piotr"]
[Result "1-0"]
[WhiteTitle "FM"]
[WhiteElo "2435"]
[BlackElo "2233"]
[WhiteFideId "349658"]
[BlackFideId "1157191"]
[EventDate "2017.12.16"]

1. e4 c5 2. Nf3 e6 3. d4 cxd4 4. Nxd4 Nc6 5. Nc3 Qc7 6. Be3 Nf6 7. f3 a6 8. Qd2
Bb4 9. a3 Be7 10. g4 d6 11. O-O-O b5 12. Nxc6 Qxc6 13. h4 Nd7 14. g5 Ne5 15. Qg2
Nc4 16. Bxc4 Qxc4 17. h5 Rg8 18. g6 hxg6 19. hxg6 f6 20. Rh7 Bb7 21. Qh3 Rd8 22.
Bb6 Rb8 23. Ba7 Rd8 24. Rh8 Kd7 25. Rxg8 Rxg8 26. Nd5 Bxd5 27. exd5 f5 28. dxe6+
Qxe6 29. Qf1 Rc8 30. Kb1 Bf6 31. Qd3 Rc6 32. Bd4 Rc4 33. Bxf6 Qxf6 34. Qd5 Rc6
35. Re1 Qxg6 36. Qd4 f4 37. Re2 Qf6 38. Qa7+ Rc7 39. Qxa6 Qg5 40. Qa8 Qg1+ 41.
Ka2 Qg6 42. Qd5 Rxc2 43. Qxb5+ Rc6 44. Qd5 Rc5 45. Qb7+ Rc7 46. Qb3 Rc6 47. Re4
Qf6 48. Qb7+ Rc7 49. Qb5+ Rc6 50. Rc4 1-0

[Event "European Rapid 2017"]
[Site "Katowice POL"]
[Date "2017.12.16"]
[Round "5.85"]
[White "Mammadov, Vafa"]
[Black "Saraci, Nderim"]
[Result "0-1"]
[BlackTitle "FM"]
[WhiteElo "2009"]
[BlackElo "2398"]
[WhiteFideId "13402536"]
[BlackFideId "6351921"]
[EventDate "2017.12.16"]

1. c4 Nf6 2. g3 e6 3. Nf3 Be7 4. Bg2 O-O 5. O-O d5 6. b3 b6 7. cxd5 exd5 8. Bb2
Bb7 9. d4 Ne4 10. Nc3 Nd7 11. Rc1 Nxc3 12. Bxc3 a5 13. Qc2 Bd6 14. Rfd1 Qe7 15.
Re1 g6 16. Qd2 Rfe8 17. Qh6 a4 18. b4 Nf6 19. Ng5 Qf8 20. Qxf8+ Kxf8 21. a3 h6
22. Nf3 Ne4 23. Bb2 f6 24. Rc2 Kf7 25. Nd2 Ba6 26. Nxe4 dxe4 27. e3 Rac8 28. Bf1
Bxf1 29. Kxf1 Ke6 30. Rc6 Kd5 31. Rec1 h5 32. Ke2 h4 33. b5 Ra8 34. R6c4 Ra5 35.
R1c2 Rea8 36. gxh4 Rxb5 37. f3 f5 38. fxe4+ fxe4 39. R4c3 Rh8 40. Rc4 Rxb2 0-1

[Event "European Rapid 2017"]
[Site "Katowice POL"]
[Date "2017.12.16"]
[Round "5.86"]
[White "Marczuk, Dominik"]
[Black "Kashlinskaya, Alina"]
[Result "1-0"]
[BlackTitle "IM"]
[WhiteElo "2278"]
[BlackElo "2452"]
[WhiteFideId "1111264"]
[BlackFideId "4198026"]
[EventDate "2017.12.16"]

1. e4 e6 2. d4 d5 3. Nc3 Nf6 4. Bg5 dxe4 5. Nxe4 Be7 6. Bxf6 gxf6 7. g3 f5 8.
Nc3 Bf6 9. Nge2 Nc6 10. d5 Nb4 11. Bg2 c6 12. dxc6 Qxd1+ 13. Rxd1 Nxc6 14. Nb5
Ke7 15. c3 Bd7 16. O-O Rab8 17. Rfe1 Rhd8 18. Nf4 Kf8 19. Nd6 b5 20. Nxb5 a6 21.
Nc7 Rxb2 22. Bxc6 Bxc6 23. Ncxe6+ fxe6 24. Nxe6+ Kg8 25. Nxd8 Be4 26. Ne6 Bxc3
27. Re3 Ba5 28. Nc5 Bc6 29. Re6 Bf3 30. Rf1 Be2 31. Nxa6 Bxf1 32. Kxf1 Rxa2 33.
Nc5 Bc3 34. Re2 Ra1+ 35. Kg2 Kf7 36. Ne6 Rd1 37. Nf4 Rd6 38. h4 Bd2 39. Nh3 Kf6
40. Ng1 Rd3 41. Nf3 Bc3 42. Ra2 Rd6 43. Ng5 h6 44. Nf3 Rb6 45. h5 Rd6 46. Ra8
Rb6 47. Rf8+ Ke6 48. Nh4 Bf6 49. Ng6 Rb2 50. Nf4+ Ke7 51. Ra8 Bd4 52. Nh3 Kf6
53. Ra6+ Kg7 54. Ra3 Kf6 55. Rf3 Ke5 56. Nf4 Ke4 57. Ng6 Rb5 58. Nh4 Rb2 59.
Rxf5 Bb6 60. Rf3 Rb5 61. Rf4+ Kd3 62. g4 Rb2 63. Nf5 Ke2 64. Nxh6 Ke1 65. Re4+
Kd1 66. Rf4 Ke1 67. Nf5 Bxf2 68. Rxf2 Rxf2+ 69. Kg3 Ke2 70. h6 Rf3+ 71. Kh4 Ra3
72. h7 Ra8 73. Kh5 Kf3 74. Nh4+ Kg3 75. Ng6 Ra5+ 76. g5 Ra1 77. Nh4 Rh1 78. g6
Rxh4+ 79. Kg5 Rh1 80. g7 Rxh7 81. g8=Q Rh1 82. Qb3+ Kf2 83. Kg4 Re1 84. Qd3 Re3
85. Qd4 Ke2 86. Kf4 Rf3+ 87. Ke4 Rf2 88. Qe3+ Kf1 89. Qd3+ Kg2 90. Qd1 Rf1 91.
Qg4+ Kf2 92. Kd3 Re1 93. Qh4+ Kf1 94. Qh2 Re8 95. Qf4+ Ke1 96. Qh4+ Kf1 97. Qf4+
Ke1 98. Qg5 Kf1 99. Qf5+ Ke1 100. Qg6 Rd8+ 101. Ke3 Kd1 102. Qb1# 1-0

[Event "European Rapid 2017"]
[Site "Katowice POL"]
[Date "2017.12.16"]
[Round "5.87"]
[White "Olkhovskiy, Alexander"]
[Black "Kusiak, Matej"]
[Result "0-1"]
[WhiteElo "2145"]
[BlackElo "2280"]
[WhiteFideId "34188611"]
[BlackFideId "14911213"]
[EventDate "2017.12.16"]

1. e4 c5 2. f4 d5 3. exd5 Qxd5 4. Nc3 Qd8 5. Nf3 Nc6 6. Bb5 Bd7 7. O-O e6 8. d3
Nf6 9. f5 exf5 10. Re1+ Be7 11. Bxc6 Bxc6 12. Qe2 Bxf3 13. Qxf3 O-O 14. Qxb7 Bd6
15. Qf3 Qd7 16. Bg5 Ng4 17. h3 Ne5 18. Qd5 Rae8 19. Bf4 Qe6 20. Qxe6 Rxe6 21.
Nb5 Bb8 22. d4 Nd7 23. Be3 a6 24. Nc3 Rfe8 25. Kf2 cxd4 26. Bxd4 Bg3+ 27. Kxg3
Rxe1 28. Rxe1 Rxe1 29. Nd5 Rd1 30. c3 Rd2 31. b4 Rxa2 32. Ne7+ Kf8 33. Nxf5 g6
34. Nd6 Ke7 35. Ne4 f5 36. Ng5 h6 37. Nf3 Ke6 38. h4 Kd5 39. Bg7 h5 40. Ng5 Ne5
41. Nh3 Ra3 42. Nf4+ Ke4 43. Bxe5 Kxe5 44. Nxg6+ Ke4 0-1

[Event "European Rapid 2017"]
[Site "Katowice POL"]
[Date "2017.12.16"]
[Round "5.88"]
[White "Korbal, Arkadiusz"]
[Black "Schulz, Karsten"]
[Result "1/2-1/2"]
[BlackTitle "FM"]
[WhiteElo "2181"]
[BlackElo "2293"]
[WhiteFideId "1133837"]
[BlackFideId "4611446"]
[EventDate "2017.12.16"]

1. d4 d6 2. c4 e5 3. Nf3 Nd7 4. Nc3 Ngf6 5. e4 Be7 6. Be2 O-O 7. O-O c6 8. h3
Qc7 9. Be3 Re8 10. d5 Nc5 11. Qc2 a5 12. Nd2 Bd7 13. f4 exf4 14. Bxf4 Rad8 15.
Rf2 Bc8 16. Raf1 Nfd7 17. Nf3 Bf6 18. Bg5 h6 19. Bxf6 Nxf6 20. Bd3 Rf8 21. Nd4
Nfd7 22. Qe2 Ne5 23. Bb1 Rde8 24. Kh1 Qe7 25. Qh5 Qg5 26. Qxg5 hxg5 27. b3 Bd7
28. a3 f6 29. b4 axb4 30. axb4 Na6 31. dxc6 bxc6 32. b5 Nb4 33. bxc6 Nbxc6 34.
Ndb5 Nf7 35. Rd1 Kh8 36. Nxd6 Nxd6 37. Rxd6 Ne5 38. Nd5 Rb8 39. Nb6 Nxc4 40.
Nxc4 Rxb1+ 41. Kh2 Bb5 42. Nd2 Re1 43. Rd5 Bc6 44. Rxg5 Bxe4 45. Nxe4 Rxe4 46.
Rgf5 Rfe8 47. Ra5 Re2 48. Rxe2 Rxe2 49. Ra3 Kh7 50. Kg3 g5 51. Kf3 Rc2 52. Rb3
Kg6 53. Ra3 Rc6 54. Rb3 1/2-1/2

[Event "European Rapid 2017"]
[Site "Katowice POL"]
[Date "2017.12.16"]
[Round "5.89"]
[White "Zawadzka, Jolanta"]
[Black "Martinkus, Rolandas"]
[Result "1-0"]
[WhiteTitle "WGM"]
[BlackTitle "FM"]
[WhiteElo "2424"]
[BlackElo "2127"]
[WhiteFideId "1122320"]
[BlackFideId "12800481"]
[EventDate "2017.12.16"]

1. e4 e5 2. Nf3 Nc6 3. Bb5 Nd4 4. Nxd4 exd4 5. Bc4 Nf6 6. e5 d5 7. Bb3 Bg4 8. f3
Ne4 9. O-O d3 10. Qe1 Bc5+ 11. Kh1 Nf2+ 12. Rxf2 Bxf2 13. Qxf2 Bf5 14. Nc3 c6
15. cxd3 O-O 16. d4 f6 17. d3 Qd7 18. Bf4 Rae8 19. Ne4 fxe5 20. Bxe5 Bg6 21. Qd2
Kh8 22. Ng3 Qe7 23. Rf1 Qh4 24. f4 Bf5 25. Nxf5 Rxf5 26. Bd1 c5 27. Bf3 Qh6 28.
Qf2 Qa6 29. Qg3 Re7 30. Bxd5 cxd4 31. Re1 Qa5 32. Bxg7+ 1-0

[Event "European Rapid 2017"]
[Site "Katowice POL"]
[Date "2017.12.16"]
[Round "5.90"]
[White "Meissner, Felix"]
[Black "Pereira, Antonio Pedro Caramez"]
[Result "1-0"]
[WhiteTitle "FM"]
[WhiteElo "2333"]
[BlackElo "2113"]
[WhiteFideId "24671827"]
[BlackFideId "1904485"]
[EventDate "2017.12.16"]

1. e4 e6 2. d4 d5 3. Nd2 c5 4. exd5 Qxd5 5. Ngf3 cxd4 6. Bc4 Qd7 7. O-O Nc6 8.
Nb3 Nf6 9. Nbxd4 Nxd4 10. Nxd4 a6 11. Be2 Qc7 12. Bf3 Be7 13. Re1 O-O 14. c3 e5
15. Nc2 Bf5 16. Ne3 Be6 17. Qc2 Rfe8 18. Nf5 e4 19. Nxe7+ Rxe7 20. Be2 h6 21. h3
Bf5 22. Be3 Nd5 23. Bf1 Nb4 24. Qa4 Nd3 25. Re2 Rd7 26. Rd1 Rad8 27. Red2 Nxb2
28. Rxd7 Bxd7 29. Rxd7 Rxd7 30. Qxe4 Re7 31. Qb4 Nd1 32. Bf4 Qd7 33. c4 Re4 34.
Bg3 b5 35. Kh2 h5 36. h4 Qd8 37. Qc5 bxc4 38. Bxc4 Rxh4+ 39. Bxh4 Qxh4+ 40. Kg1
Nxf2 41. Qc8+ Kh7 42. Qf5+ Kh6 43. Bxf7 Nh3+ 44. Qxh3 Qd4+ 45. Kh1 Qa1+ 46. Kh2
Qe5+ 47. Qg3 Qf6 48. Qe3+ Kh7 49. Bxh5 g6 50. Bg4 Kg7 51. Bh3 Qd6+ 52. Qg3 Qc5
53. Bg4 a5 54. a3 Kh7 55. Be2 Kg7 56. Bg4 Kh7 57. Qh4+ Kg7 58. Qg3 Kh7 59. a4
Qg5 60. Be2 Qc5 61. Bd3 Qb6 62. Qxg6+ Qxg6 63. Bxg6+ Kxg6 64. Kg3 Kg5 65. Kf3 1-0

[Event "European Rapid 2017"]
[Site "Katowice POL"]
[Date "2017.12.16"]
[Round "5.91"]
[White "Kolasinski, Krzysztof"]
[Black "Dragnev, Valentin"]
[Result "0-1"]
[BlackTitle "IM"]
[WhiteElo "2045"]
[BlackElo "2458"]
[WhiteFideId "1122240"]
[BlackFideId "1634852"]
[EventDate "2017.12.16"]

1. d4 Nf6 2. c4 c5 3. d5 b5 4. cxb5 a6 5. bxa6 g6 6. Nc3 Bg7 7. Nf3 O-O 8. e4 d6
9. a4 Nbd7 10. Bb5 Qa5 11. O-O Bxa6 12. Bd2 Qb4 13. Qc2 Bxb5 14. axb5 Nb6 15. e5
dxe5 16. Nxe5 Qh4 17. Nf3 Qh5 18. Ra6 Nbxd5 19. Nxd5 Qxd5 20. Bc3 Qc4 21. Rfa1
Rab8 22. b6 Rfd8 23. Ne5 Qd5 24. Qe2 Ne4 25. f4 Rd6 26. Nc4 Nxc3 27. bxc3 Re6
28. Qf1 Bxc3 29. Rd1 Qc6 30. Rb1 Re4 31. Ne5 Bd4+ 32. Kh1 Bxe5 33. fxe5 Rb4 34.
Rc1 R4xb6 35. Ra7 R6b7 36. Ra6 Qd5 37. e6 fxe6 38. h3 Rb3 39. Kh2 Rf8 40. Qe2
Rf6 41. Rd1 Qf5 42. Re1 Kf7 43. Qc4 Rb2 44. Qh4 h5 45. Qg3 Qf2 46. Rc6 Qxg3+ 47.
Kxg3 Rc2 48. Re5 Rf5 49. Rexe6 Rg5+ 50. Kh4 Rgxg2 51. Rf6+ Kg7 52. Rf7+ Kh6 53.
Rxg6+ Kxg6 54. Rf4 Rgd2 0-1

[Event "European Rapid 2017"]
[Site "Katowice POL"]
[Date "2017.12.16"]
[Round "5.92"]
[White "Kowalczyk, Mariusz"]
[Black "Ondrus, Martin"]
[Result "0-1"]
[WhiteElo "2038"]
[BlackElo "2261"]
[WhiteFideId "1126202"]
[BlackFideId "14913330"]
[EventDate "2017.12.16"]

1. e4 c5 2. c3 Nf6 3. e5 Nd5 4. Nf3 Nc6 5. d4 cxd4 6. cxd4 d6 7. exd6 Qxd6 8.
Nc3 Bg4 9. Be2 e6 10. O-O Be7 11. Be3 O-O 12. Rc1 Rfd8 13. Qd2 Rac8 14. Rfd1
Nxe3 15. fxe3 Na5 16. b3 Nc6 17. Ne1 Bxe2 18. Qxe2 Qa3 19. Nb1 Qa5 20. Nd3 Qg5
21. Nd2 Ba3 22. Rc2 Nxd4 0-1

[Event "European Rapid 2017"]
[Site "Katowice POL"]
[Date "2017.12.16"]
[Round "5.93"]
[White "Mikrut, Dariusz"]
[Black "Leks, Maria"]
[Result "1-0"]
[WhiteTitle "IM"]
[BlackTitle "WCM"]
[WhiteElo "2375"]
[BlackElo "2145"]
[WhiteFideId "1112791"]
[BlackFideId "1134957"]
[EventDate "2017.12.16"]

1. d4 d5 2. c4 c6 3. Nf3 Nf6 4. Nc3 dxc4 5. a4 Bf5 6. Ne5 e6 7. f3 Nfd7 8. Nxc4
Na6 9. e4 Bg6 10. h4 h6 11. Bf4 Nb6 12. Ne5 Bh7 13. a5 Nd7 14. Nxc6 bxc6 15.
Bxa6 e5 16. Bxe5 Nxe5 17. dxe5 Qc7 18. Qa4 Rb8 19. O-O-O Rb4 20. Nd5 Rxa4 21.
Nxc7+ Ke7 22. Bc8 Ra1+ 23. Kc2 Rxd1 24. Rxd1 1-0

[Event "European Rapid 2017"]
[Site "Katowice POL"]
[Date "2017.12.16"]
[Round "5.94"]
[White "Putka, Verners"]
[Black "Oglaza, Oskar"]
[Result "1-0"]
[WhiteElo "2307"]
[BlackElo "2245"]
[WhiteFideId "11600659"]
[BlackFideId "1194402"]
[EventDate "2017.12.16"]

1. d4 Nf6 2. Nf3 g6 3. g3 Bg7 4. Bg2 O-O 5. O-O d5 6. c4 c6 7. b3 Bg4 8. Bb2
Nbd7 9. Nc3 Re8 10. Rc1 Bxf3 11. Bxf3 e5 12. cxd5 e4 13. dxc6 bxc6 14. Bg2 Nb6
15. e3 Nbd5 16. Na4 Rc8 17. Ba3 Nd7 18. Qd2 f5 19. Rc2 Re6 20. Rfc1 g5 21. Nc5
Nxc5 22. Bxc5 Qf6 23. b4 Qg6 24. a4 f4 25. b5 f3 26. Bf1 g4 27. Bxa7 Qf7 28. b6
Rh6 29. a5 Bf8 30. Rc4 Qd7 31. a6 Bd6 32. b7 Rf8 33. Bc5 Bxg3 34. hxg3 Re8 35.
Rb4 Nxb4 36. Qxb4 Qf5 37. b8=Q Qh5 38. Qxe8+ Qxe8 39. a7 Qh5 40. a8=Q+ Kg7 41.
Bf8+ Kg8 42. Bxh6+ Kf7 43. Qaf8+ Kg6 44. Qbd6# 1-0

[Event "European Rapid 2017"]
[Site "Katowice POL"]
[Date "2017.12.16"]
[Round "5.95"]
[White "Cech, Dominik"]
[Black "Leniart, Arkadiusz"]
[Result "0-1"]
[BlackTitle "IM"]
[WhiteElo "2156"]
[BlackElo "2502"]
[WhiteFideId "14908212"]
[BlackFideId "1124226"]
[EventDate "2017.12.16"]

1. e4 e6 2. d4 d5 3. Bd3 c5 4. exd5 exd5 5. Nf3 c4 6. Be2 Bd6 7. O-O Ne7 8. b3
cxb3 9. axb3 O-O 10. c4 b6 11. Nc3 Nbc6 12. Nb5 Bb4 13. Bf4 Bg4 14. h3 Bh5 15.
Bc7 Qd7 16. Ne5 Nxe5 17. Bxh5 dxc4 18. Bxe5 Qxb5 19. Be2 Qd7 20. bxc4 Nc6 21.
Bf3 Rac8 22. Bxc6 Qxc6 23. Rxa7 f6 24. Qg4 g6 25. d5 Qe8 26. Bb2 Bd6 27. Qh4 Rf7
28. Rxf7 Qxf7 29. Bxf6 Bc5 30. Bb2 Re8 31. Qg4 Qf5 32. Qxf5 gxf5 33. Bc1 Re4 34.
Be3 Rxc4 35. Rc1 Rxc1+ 36. Bxc1 b5 37. Kf1 Kf7 38. Ke2 Ke7 39. Be3 Kd6 40. Bc1
Kxd5 41. g4 Ke5 42. Bb2+ Ke4 43. f3+ Kf4 44. Bc1+ Kg3 45. gxf5 Be7 46. Bb2 Kxh3
47. f6 Bf8 48. Kf2 Kh4 49. Kg2 Kg5 50. Kg3 Bd6+ 51. Kg2 Kg6 52. Kh3 Bf4 53. Kg4
Bg5 54. f7 h5+ 55. Kh3 Kxf7 56. Kg3 b4 57. f4 Bf6 58. Bc1 Ke6 59. Kh3 Kf5 60.
Kg3 Ke4 61. Kf2 Kd3 62. Kf3 Kc2 63. Be3 b3 0-1

[Event "European Rapid 2017"]
[Site "Katowice POL"]
[Date "2017.12.16"]
[Round "5.96"]
[White "Stojcevski, Zoran"]
[Black "Zielinski, Maciej"]
[Result "1-0"]
[WhiteTitle "FM"]
[WhiteElo "2337"]
[BlackElo "2197"]
[WhiteFideId "15000192"]
[BlackFideId "1140817"]
[EventDate "2017.12.16"]

1. e4 e5 2. f4 d5 3. exd5 exf4 4. Nf3 Nf6 5. Bc4 Bd6 6. O-O O-O 7. d4 Bg4 8. Bb3
Re8 9. c4 b6 10. Nc3 Ne4 11. Nxe4 Rxe4 12. Bc2 Re8 13. Qd3 g6 14. Ne5 Bf5 15.
Qc3 Bxc2 16. Qxc2 Nd7 17. Nxd7 Qxd7 18. Bxf4 Qg4 19. h3 Re2 20. hxg4 Rxc2 21.
Bxd6 cxd6 22. b3 Re8 23. Rae1 Rxe1 24. Rxe1 Kf8 25. a4 a5 26. Re3 Rd2 27. Kh2
Rxd4 28. Kg3 Kg7 29. g5 h6 30. gxh6+ Kxh6 31. Re7 Rd3+ 32. Kf4 Kg7 33. Rd7 Rxb3
34. Rxd6 Rb4 35. Ke5 Rxc4 36. Rxb6 Rxa4 37. d6 Ra2 38. d7 Re2+ 39. Kd6 Rxg2 40.
Kc7 Rc2+ 41. Rc6 Rd2 42. Rd6 Rc2+ 43. Kb7 Rb2+ 44. Ka7 1-0

[Event "European Rapid 2017"]
[Site "Katowice POL"]
[Date "2017.12.16"]
[Round "5.97"]
[White "Ozolins, Aris"]
[Black "Gazik, Igor"]
[Result "0-1"]
[WhiteTitle "FM"]
[BlackTitle "IM"]
[WhiteElo "2145"]
[BlackElo "2257"]
[WhiteFideId "11601671"]
[BlackFideId "14900149"]
[EventDate "2017.12.16"]

1. e4 Nf6 2. Nc3 d5 3. exd5 Nxd5 4. Bc4 c6 5. d4 Be6 6. Bb3 g6 7. Nf3 Bg7 8. O-O
Nxc3 9. bxc3 Bd5 10. Bb2 O-O 11. Qd3 Nd7 12. Rad1 b5 13. Bxd5 cxd5 14. Rfe1 a6
15. a4 Nb6 16. Ba3 Bf6 17. axb5 Nc4 18. Bc5 Nb2 19. Qe2 Nxd1 20. Rxd1 axb5 21.
Rb1 Qa5 22. g3 Qxc3 23. Rxb5 Ra2 24. Ne1 Ra1 25. Bb4 Qxd4 26. Kg2 Rc8 27. c3
Qe4+ 28. Qxe4 dxe4 29. Nc2 Ra2 30. Ne3 e6 31. c4 Bd4 32. c5 Bxe3 0-1

[Event "European Rapid 2017"]
[Site "Katowice POL"]
[Date "2017.12.16"]
[Round "5.99"]
[White "Dziodzio, Angelika"]
[Black "Terletsky, Oleg"]
[Result "0-1"]
[WhiteTitle "WFM"]
[BlackTitle "FM"]
[WhiteElo "2125"]
[BlackElo "2384"]
[WhiteFideId "1170643"]
[BlackFideId "14116774"]
[EventDate "2017.12.16"]

1. c4 Nf6 2. Nc3 g6 3. g3 Bg7 4. Bg2 e5 5. e3 O-O 6. Nge2 d6 7. O-O Nbd7 8. Rb1
a5 9. a3 Nb6 10. d3 a4 11. b4 axb3 12. Qxb3 Nfd7 13. d4 exd4 14. exd4 Nf6 15.
Bf4 Bf5 16. Rbd1 Be6 17. d5 Bd7 18. Nd4 Ng4 19. Ndb5 Ne5 20. Bxe5 Bxe5 21. Rb1
Bf5 22. Rbd1 Nd7 23. f4 Nc5 24. Qa2 Bg7 25. h3 h5 26. Kh2 Re8 27. Rfe1 Qd7 28.
Qd2 Bd3 29. Bf1 Bxf1 30. Rxf1 Ne4 31. Nxe4 Rxe4 32. Qc2 Rae8 33. Rd2 Re3 34.
Rff2 h4 35. g4 g5 36. a4 gxf4 37. Nd4 Rg3 38. Nf5 Ree3 39. Rde2 Rxh3+ 40. Kg1
Reg3+ 41. Nxg3 Rxg3+ 42. Rg2 Bd4+ 43. Kf1 f3 44. Rxg3 hxg3 0-1